| 000 | 00661nam a22001577a 4500 | ||
|---|---|---|---|
| 008 | 130821k18361885fr grn 0 fre d | ||
| 040 |
_aCo-BoUCM _bspa _cJavier Garzón (modificó) _d[Nuevo] |
||
| 041 | 0 | 0 | _afre |
| 245 | 0 | 0 |
_aOeuvres completes de Bossuet _bcompiladores Lachat, F. y Évéque de Meaux _cPubliées d'après les imprimés et les manuscrits originaux par F. Lachat |
| 260 |
_aParís (Francia) _bLouis Vives _bChez Lefévre _c1885 |
||
| 300 | _a31 volúmenes | ||
| 700 | 1 |
_aLachat, F _ecompilador _949578 |
|
| 700 | 1 |
_aMeaux, Évéque de _ecompilador _949579 |
|
| 942 |
_cLIBRO _a4 _e1 _mO299 _n0 _2DEWEY _h291.43 |
||
| 999 |
_c86601 _d86601 |
||